| 000 | 00714nam a2200229 i 4500 | ||
|---|---|---|---|
| 001 | 185489 | ||
| 003 | SpMaBN | ||
| 005 | 20240228063038.0 | ||
| 008 | 160613s1995 sp |||| | spa d | ||
| 020 | _a84-7681-185-3 | ||
| 080 | _a821.134.2-14"19" | ||
| 100 | 1 |
_aVelasco, Miguel Ángel, _d1963-2010 _9113736 |
|
| 245 | 1 | 3 |
_aEl sermón del fresno _b; Después / _cMiguel Ángel Velasco. |
| 246 | 3 | 0 | _aDespués |
| 250 |
_a1ª ed. _b800 ejemp. |
||
| 260 |
_aPamplona : _bPamiela, _c1995. |
||
| 300 |
_a98 p. ; _c19 cm. |
||
| 490 | 1 |
_aLa sirena poesía ; _v35 |
|
| 830 | 0 |
_aLa sirena poesía ; _v35 _9192335 |
|
| 852 |
_aES-MaACL _jL-30377 _z. - Donat. Miguel A. Velasco |
||
| 999 |
_c185489 _d185489 |
||